书目信息 |
| 题名: |
电磁屏蔽的理论基础
|
|
| 作者: | Шапиро , 沙皮罗 著 ;甘得午 , 张瞰 译 | |
| 分册: | ||
| 出版信息: | 北京 国防工业出版社 1983 |
|
| 页数: | 107页 | |
| 开本: | 19cm | |
| 丛书名: | ||
| 单 册: | ||
| 中图分类: | TN721.4 | |
| 科图分类: | ||
| 主题词: | 电磁屏蔽--基础理论 | |
| 电子资源: | ||
| ISBN: | ||
| 000 | 00982nam0 2200277 45 | |
| 001 | 0183000270 | |
| 005 | 20060814091335.92 | |
| 091 | @aCN@d0.39@b15034.195 | |
| 100 | @a19950809d1983 emky0chiy0121 ea | |
| 101 | 1 | @achi@crus |
| 102 | @aCN@b110000 | |
| 105 | @ay z 000yy | |
| 200 | 10 | @a电磁屏蔽的理论基础@Adian ci ping bi de li lun ji chu@f(苏)沙皮罗(Д.Н.Шапиро)著@g甘得午,张瞰译 |
| 210 | @a北京@c国防工业出版社@d1983 | |
| 215 | @a107页@d19cm | |
| 300 | @a书名原文:Основы теории электромагнитного экранирования | |
| 510 | 1 | @aОсновы теории электромагнитного экранирования@zrus |
| 606 | @a电磁屏蔽@x基础理论 | |
| 690 | @aTN721.4@v3 | |
| 701 | A1 | @aШапиро@bД.Н.@4著 |
| 701 | 1 | @a沙皮罗@Asha pi luo@bД.Н.@4著 |
| 702 | 0 | @a甘得午@Agan de wu@4译 |
| 702 | 0 | @a张瞰@Azhang kan@4译 |
| 801 | 2 | @aCN@bNLC@c20060814 |
| 801 | 0 | @aCN@bTSSF |
| 905 | @a10447@dTN721.4@e212 | |
| 电磁屏蔽的理论基础/(苏)沙皮罗(Д.Н.Шапиро)著/甘得午,张瞰译.-北京:国防工业出版社,1983 |
| 107页;19cm |
| 书名原文:Основы теории электромагнитного экранирования |
| ISBN : |
| ● |
| 相关链接 |
|
|
|
|
正题名:电磁屏蔽的理论基础
索取号:TN721.4/212
 
预约/预借
| 序号 | 登录号 | 条形码 | 馆藏地/架位号 | 状态 | 备注 |
| 1 | 0460825 | 204608255 | 密集书库/ [索取号:TN721.4/212] | 在馆 | |
| 2 | 0460826 | 204608264 | 密集书库/ [索取号:TN721.4/212] | 在馆 |